Loading...
| AG | 1 | 3 | 0 | 1 | 45 | 56 | 85.75 | 1 | 4 | 0.00 | 0.00 |
| MB | 1 | 2 | 0 | 0 | 35 | 79 | 101.67 | 1 | 3 | 0.00 | 0.00 |
| RC | 1 | 2 | 0 | 1 | 35 | 75 | 103.33 | 2 | 3 | 0.00 | 0.00 |
| DM | 0 | 2 | 0 | 2 | 20 | 83 | 119.00 | 0 | 2 | 0.00 | 0.00 |
| AW | 0 | 2 | 0 | 0 | 20 | 117 | 118.50 | 0 | 2 | 0.00 | 0.00 |
| BB | 0 | 2 | 0 | 0 | 20 | 86 | 95.00 | 0 | 2 | 0.00 | 0.00 |
| RR | 1 | 0 | 1 | 0 | 10 | 54 | 54.00 | 1 | 1 | 0.00 | 0.00 |
| RR | Columbine school shooting | 15 | 54 |
| AG | Frantz Fanon | 15 | 56 |
| AG | garden asparagus | 10 | 69 |
| RC | paper cut-outs by Henri Matisse | 15 | 75 |
| MB | Steve Reich | 15 | 79 |
| AG | shoes | 10 | 82 |
| DM | Obama family | 10 | 83 |
| BB | chemotaxis | 10 | 86 |
| RC | Lemminkäinen | 10 | 100 |
| BB | sunspots | 10 | 104 |